[Event "FIDE Women's World Teams"]
[Site "Mardin TUR"]
[Date "2011.12.21"]
[Round "4"]
[Board "20"]
[White "Van Niekerk, Lauren"]
[Black "Patel, Yesim"]
[Result "1/2-1/2"]
[WhiteTitle "WFM"]
[WhiteElo "1607"]
[BlackElo "1832"]
[WhiteTeam "South Africa"]
[BlackTeam "Turkey"]
[WhiteFideId "14305003"]
[BlackFideId "6300200"]
[EventDate "2011.12.18"]

1. d4 d5 2. Nf3 Nf6 3. Bf4 e6 4. e3 Bd6 5. Bg3 O-O 6. c4 b6 7. Nc3 Bb7 8. Bd3 a6
9. a3 Nbd7 10. O-O Bxg3 11. hxg3 c5 12. cxd5 exd5 13. dxc5 Nxc5 14. Bc2 Qe7 15.
Rc1 Rfd8 16. Ne2 Nce4 17. Nfd4 Qe5 18. Nf4 g6 19. Bd3 Rac8 20. Be2 Qe7 21. Rxc8
Rxc8 22. Qd3 Nd6 23. Qb3 b5 24. Qb4 Qd7 25. Nd3 Nfe4 26. Rc1 Rxc1+ 27. Nxc1 Nc4
28. Nd3 Qc7 29. Nf3 Bc6 30. Bd1 h5 31. Nd4 1/2-1/2

[Event "FIDE Women's World Teams"]
[Site "Mardin TUR"]
[Date "2011.12.21"]
[Round "4"]
[Board "5"]
[White "Dzagnidze, Nana"]
[Black "Kosintseva, Nadezhda"]
[Result "1/2-1/2"]
[WhiteTitle "GM"]
[BlackTitle "GM"]
[WhiteElo "2516"]
[BlackElo "2546"]
[WhiteTeam "Georgia"]
[BlackTeam "Russia"]
[WhiteFideId "13601903"]
[BlackFideId "4134974"]
[EventDate "2011.12.18"]

1. d4 Nf6 2. c4 e6 3. Nf3 d5 4. Nc3 Bb4 5. Bg5 h6 6. Bh4 dxc4 7. Qc2 b5 8. a4
Bb7 9. Bxf6 Qxf6 10. axb5 Bxf3 11. gxf3 Qxd4 12. Bg2 Nd7 13. O-O Rd8 14. Ne4 O-O
15. Rfd1 Qe5 16. Qxc4 Be7 17. Rdc1 Nb6 18. Qc2 Qxb5 19. Rxa7 Nd5 20. e3 Qb6 21.
Ra4 Rb8 22. Nc3 Nxc3 1/2-1/2

[Event "FIDE Women's World Teams"]
[Site "Mardin TUR"]
[Date "2011.12.21"]
[Round "4"]
[Board "10"]
[White "Hoang, Thi Bao Tram"]
[Black "Ju, Wenjun"]
[Result "1/2-1/2"]
[WhiteTitle "WGM"]
[BlackTitle "WGM"]
[WhiteElo "2341"]
[BlackElo "2543"]
[WhiteTeam "Vietnam"]
[BlackTeam "China"]
[WhiteFideId "12401102"]
[BlackFideId "8603006"]
[EventDate "2011.12.18"]

1. d4 Nf6 2. Nf3 g6 3. c4 Bg7 4. Nc3 O-O 5. e4 d6 6. h3 e5 7. dxe5 dxe5 8. Qxd8
Rxd8 9. Bg5 Re8 10. Nd5 Nxd5 11. cxd5 c6 12. Bc4 cxd5 13. Bxd5 Na6 14. O-O Nc7
15. Bb3 Be6 16. Rfc1 Rec8 17. Bd8 Nb5 18. Bxe6 fxe6 19. Bg5 Nd4 20. Kf1 Nxf3 21.
gxf3 Bf8 22. Be3 a6 23. Kg2 Kf7 24. Rd1 Ke8 25. Rac1 Rxc1 26. Rxc1 Kd7 27. Rd1+
Ke8 28. Rc1 Kd7 29. Rd1+ Ke8 30. Rc1 1/2-1/2

[Event "FIDE Women's World Teams"]
[Site "Mardin TUR"]
[Date "2011.12.21"]
[Round "4"]
[Board "14"]
[White "Makropoulou, Marina"]
[Black "Gaponenko, Inna"]
[Result "1/2-1/2"]
[WhiteTitle "WGM"]
[BlackTitle "IM"]
[WhiteElo "2201"]
[BlackElo "2435"]
[WhiteTeam "Greece"]
[BlackTeam "Ukraine"]
[WhiteFideId "4200187"]
[BlackFideId "14101181"]
[EventDate "2011.12.18"]

1. e4 c5 2. Nf3 d6 3. d4 cxd4 4. Nxd4 Nf6 5. Nc3 g6 6. Be3 Bg7 7. Be2 Nc6 8. O-O
O-O 9. Qd2 d5 10. Rfd1 Nxd4 11. Qxd4 Nxe4 12. Qxd5 Nd6 13. Qb3 Be6 14. Nd5 Nf5
15. c4 Nxe3 16. Qxe3 Bxd5 17. Rxd5 Qb6 18. Qd2 1/2-1/2

[Event "FIDE Women's World Teams"]
[Site "Mardin TUR"]
[Date "2011.12.22"]
[Round "5"]
[Board "1"]
[White "Dembo, Yelena"]
[Black "Dzagnidze, Nana"]
[Result "0-1"]
[WhiteTitle "IM"]
[BlackTitle "GM"]
[WhiteElo "2468"]
[BlackElo "2516"]
[WhiteTeam "Greece"]
[BlackTeam "Georgia"]
[WhiteFideId "723916"]
[BlackFideId "13601903"]
[EventDate "2011.12.18"]

1. e4 e5 2. Nf3 Nc6 3. Bb5 a6 4. Ba4 g6 5. c3 Bg7 6. d4 b5 7. Bb3 exd4 8. cxd4
Nge7 9. Nc3 O-O 10. Nd5 Nxd5 11. Bxd5 Bb7 12. O-O Na5 13. Bxb7 Nxb7 14. Bg5 Qe8
15. Qc2 c5 16. dxc5 Rc8 17. Rfe1 d6 18. Qd2 dxc5 19. e5 c4 20. Re4 Nc5 21. Rh4
Qd7 22. Rd4 Qf5 23. Qe3 Rfe8 24. Rd5 Ne6 25. h4 f6 26. Bh6 Bxh6 27. Qxh6 Qf4 28.
Qxf4 Nxf4 29. Rd7 fxe5 30. Ng5 b4 31. g3 Nd3 32. Nf7 Rf8 33. Nd6 Nxb2 34. Nxc8
Rxc8 35. Rc1 a5 36. h5 gxh5 37. Kg2 c3 38. Kh3 a4 39. Kh4 c2 40. g4 hxg4 41.
Kxg4 b3 42. axb3 axb3 43. Kf5 Nd1 44. Rdxd1 cxd1=Q 45. Rxd1 b2 46. Rg1+ Kf7 47.
Rb1 Rb8 48. Kxe5 h5 49. Kf4 Kf6 50. Kg3 Rb4 51. Kh3 Kf5 52. Kg3 Ke5 0-1

[Event "FIDE Women's World Teams"]
[Site "Mardin TUR"]
[Date "2011.12.22"]
[Round "5"]
[Board "2"]
[White "Javakhishvili, Lela"]
[Black "Makropoulou, Marina"]
[Result "1/2-1/2"]
[WhiteTitle "IM"]
[BlackTitle "WGM"]
[WhiteElo "2475"]
[BlackElo "2201"]
[WhiteTeam "Georgia"]
[BlackTeam "Greece"]
[WhiteFideId "13601458"]
[BlackFideId "4200187"]
[EventDate "2011.12.18"]

1. d4 g6 2. Nf3 Bg7 3. c4 d6 4. Nc3 Bg4 5. e3 Nf6 6. Be2 O-O 7. O-O c5 8. d5 e6
9. h3 Bxf3 10. Bxf3 e5 11. a3 Nbd7 12. e4 Ne8 13. g3 f5 14. exf5 gxf5 15. Bg2 a6
16. f4 Rb8 17. g4 fxg4 18. Qxg4 Kh8 19. f5 b5 20. cxb5 axb5 21. Bg5 Nef6 22. Qh4
c4 23. Rae1 b4 24. Ne4 bxa3 25. bxa3 Qa5 26. Bc1 Nxe4 27. Rxe4 Bf6 28. Qh6 Qxd5
29. Rh4 Qg8 30. Rg4 Qf7 31. Rd1 Bg7 32. Qxd6 Nf6 33. Rg3 Nh5 34. Re3 Qxf5 35.
Rf1 Nf4 36. Ref3 Qg6 37. Qxg6 hxg6 38. Bxf4 exf4 39. Rxf4 Rxf4 40. Rxf4 Rb1+ 41.
Rf1 Bd4+ 42. Kh1 Rb3 43. Bd5 Rxh3+ 44. Kg2 Rxa3 45. Bxc4 Kg7 46. Rf3 Ra1 47. Rf4
Be5 48. Rf7+ Kh6 49. Re7 Bd4 50. Bd3 Ra3 51. Be4 Ra6 52. Rd7 Ba1 53. Rc7 Kg5 54.
Rc6 Ra2+ 55. Kf1 Bf6 56. Rc5+ Kh6 57. Rc6 Ra4 58. Bc2 Rf4+ 59. Kg2 Kg5 60. Kg3
Rf1 1/2-1/2

[Event "FIDE Women's World Teams"]
[Site "Mardin TUR"]
[Date "2011.12.22"]
[Round "5"]
[Board "3"]
[White "Fakhiridou, Ekaterini"]
[Black "Khotenashvili, Bela"]
[Result "0-1"]
[WhiteTitle "WIM"]
[BlackTitle "IM"]
[WhiteElo "2180"]
[BlackElo "2497"]
[WhiteTeam "Greece"]
[BlackTeam "Georgia"]
[WhiteFideId "4202848"]
[BlackFideId "13602640"]
[EventDate "2011.12.18"]

1. e4 c5 2. Nf3 g6 3. d4 Bg7 4. dxc5 Qa5+ 5. c3 Qxc5 6. Na3 Nf6 7. Bd3 Qc7 8.
Nb5 Qd8 9. e5 Ng4 10. Bf4 a6 11. Nbd4 d6 12. Qe2 dxe5 13. Nxe5 Nxe5 14. Bxe5
Bxe5 15. Qxe5 O-O 16. O-O-O Nd7 17. Qe3 Nf6 18. h4 Ng4 19. Qg3 e5 20. Nf5 gxf5
21. Bxf5 Bxf5 22. Rxd8 Raxd8 23. h5 Rd3 24. Qh4 f6 25. Rd1 Rfd8 26. Rxd3 Rxd3
27. f3 Ne3 28. b3 Rxc3+ 29. Kb2 Rc2+ 30. Ka3 Nd5 31. Qg3+ Kf7 32. h6 Bg6 33. Qh3
Ke7 34. Qg4 b5 35. b4 Ne3 0-1

[Event "FIDE Women's World Teams"]
[Site "Mardin TUR"]
[Date "2011.12.22"]
[Round "5"]
[Board "4"]
[White "Melia, Salome"]
[Black "Pavlidou, Ekaterini"]
[Result "1/2-1/2"]
[WhiteTitle "IM"]
[BlackTitle "WIM"]
[WhiteElo "2392"]
[BlackElo "2176"]
[WhiteTeam "Georgia"]
[BlackTeam "Greece"]
[WhiteFideId "13602446"]
[BlackFideId "4213262"]
[EventDate "2011.12.18"]

1. e4 c5 2. Nf3 e6 3. c3 Nf6 4. e5 Nd5 5. d4 cxd4 6. Qxd4 Nc6 7. Qe4 f5 8. exf6
Nxf6 9. Qc2 Be7 10. Bd3 O-O 11. O-O e5 12. Re1 e4 13. Bxe4 Nxe4 14. Qxe4 d5 15.
Qe3 b6 16. Nd4 Bc5 17. Nd2 Qf6 18. N2b3 Nxd4 19. Nxd4 Bg4 20. f3 Rae8 21. Qxe8
Rxe8 22. Rxe8+ Kf7 23. Re1 Bd7 24. Be3 g5 25. Rad1 Bd6 26. Bf2 h5 27. Nc2 Ba4
28. Re2 h4 29. Rd4 Bxc2 30. Rxc2 Qe5 31. Kf1 Qxh2 32. Rxd5 h3 33. Bg1 Qg3 34.
gxh3 Bf4 35. Rd3 Qxh3+ 36. Rg2 g4 37. Kf2 g3+ 38. Kf1 Qf5 39. Ke2 Qh3 40. Kf1
Qf5 41. Ke2 Qe6+ 42. Be3 Kg6 43. Rg1 Qh3 44. Rdd1 Qe6 45. Rd3 Qh3 1/2-1/2

[Event "FIDE Women's World Teams"]
[Site "Mardin TUR"]
[Date "2011.12.22"]
[Round "5"]
[Board "7"]
[White "Galojan, Lilit"]
[Black "Cemhan, Kardelen"]
[Result "1-0"]
[WhiteTitle "IM"]
[WhiteElo "2383"]
[BlackElo "1881"]
[WhiteTeam "Armenia"]
[BlackTeam "Turkey"]
[WhiteFideId "13301314"]
[BlackFideId "6325670"]
[EventDate "2011.12.18"]

1. Nf3 Nf6 2. c4 d5 3. cxd5 Nxd5 4. Nc3 e6 5. g3 Be7 6. Bg2 O-O 7. O-O b6 8.
Nxd5 exd5 9. d4 Bb7 10. Bf4 Nd7 11. Qa4 c5 12. Rfd1 cxd4 13. Qxd4 Bf6 14. Qd2
Nc5 15. Be5 Bxe5 16. Nxe5 Qf6 17. Nf3 Rfe8 18. Nd4 Ne4 19. Qf4 Qxf4 20. gxf4
Rac8 21. Rac1 g6 22. e3 a6 23. Bh3 f5 24. Bf1 Rc5 25. Nb3 Rcc8 26. Bd3 Nc5 27.
Kf1 Nxb3 28. axb3 a5 29. Ke2 Kf7 30. Kd2 Ke6 31. Rc3 Kd6 32. h4 Rc7 33. Rxc7
Kxc7 34. Kc3 Kd6 35. Kd4 h5 36. Rc1 Re7 37. f3 Re8 38. Bb5 Re7 39. Rc2 Re6 40.
Rg2 Ba8 41. Rg1 Bb7 42. Ra1 Re7 43. b4 axb4 44. Ra7 Rc7 45. Be8 Rc1 46. Kd3 Bc6
47. Bxg6 b3 48. Bxf5 Rc2 49. e4 Bb5+ 50. Ke3 Rxb2 51. Kd4 Rd2+ 52. Kc3 Ra2 53.
e5+ Kc5 54. Rc7+ Bc6 55. Bd7 1-0

[Event "FIDE Women's World Teams"]
[Site "Mardin TUR"]
[Date "2011.12.22"]
[Round "5"]
[Board "8"]
[White "Patel, Yesim"]
[Black "Kursova, Maria"]
[Result "0-1"]
[BlackTitle "WGM"]
[WhiteElo "1832"]
[BlackElo "2315"]
[WhiteTeam "Turkey"]
[BlackTeam "Armenia"]
[WhiteFideId "6300200"]
[BlackFideId "4129709"]
[EventDate "2011.12.18"]

1. e4 c5 2. Nf3 e6 3. d4 cxd4 4. Nxd4 Nc6 5. Nxc6 bxc6 6. Bd3 Nf6 7. Qe2 d5 8.
Nd2 Be7 9. O-O O-O 10. b3 a5 11. Bb2 a4 12. c4 a3 13. Be5 Nd7 14. Bg3 Nc5 15.
Bc2 d4 16. Qf3 d3 17. Bd1 Qd4 18. Rb1 Na6 19. Qh5 Nb4 20. Be5 Qc5 21. Ba1 Qxh5
22. Bxh5 Nxa2 23. e5 c5 24. Bf3 Ra7 25. Be4 Rd8 26. Rfd1 f5 27. Bc6 Rc7 28. Ba4
Bb7 29. f4 g5 30. fxg5 Bxg5 31. Kf2 Rg7 32. Nf3 Bf4 33. g3 Bh6 34. Ne1 Be4 0-1

[Event "FIDE Women's World Teams"]
[Site "Mardin TUR"]
[Date "2011.12.22"]
[Round "5"]
[Board "9"]
[White "Pham, Le Thao Nguyen"]
[Black "Koneru, Humpy"]
[Result "0-1"]
[WhiteTitle "WGM"]
[BlackTitle "GM"]
[WhiteElo "2341"]
[BlackElo "2600"]
[WhiteTeam "Vietnam"]
[BlackTeam "India"]
[WhiteFideId "12401226"]
[BlackFideId "5008123"]
[EventDate "2011.12.18"]

1. Nf3 g6 2. c4 Bg7 3. g3 d6 4. Bg2 e5 5. Nc3 Nc6 6. d3 h6 7. Rb1 f5 8. Bd2 Nf6
9. O-O O-O 10. b4 g5 11. b5 Ne7 12. Ne1 Qe8 13. Nc2 f4 14. Nb4 Qh5 15. e3 f3 16.
Bxf3 Ng4 17. Bxg4 Bxg4 18. f3 Rxf3 19. Rxf3 Bxf3 20. Qe1 Rf8 21. e4 Qh3 22. Qf1
Qg4 23. Nd1 Ng6 24. Qe1 Nf4 25. Nf2 Qh5 26. gxf4 gxf4 27. Nh1 Rf6 28. Nd5 Rg6+
29. Ng3 Rxg3+ 0-1

[Event "FIDE Women's World Teams"]
[Site "Mardin TUR"]
[Date "2011.12.22"]
[Round "5"]
[Board "11"]
[White "Nguyen, Thi Mai Hung"]
[Black "Tania, Sachdev"]
[Result "0-1"]
[WhiteTitle "WIM"]
[BlackTitle "IM"]
[WhiteElo "2244"]
[BlackElo "2428"]
[WhiteTeam "Vietnam"]
[BlackTeam "India"]
[WhiteFideId "12401676"]
[BlackFideId "5007844"]
[EventDate "2011.12.18"]

1. d4 Nf6 2. Bf4 e6 3. e3 c5 4. Nf3 b6 5. c3 Bb7 6. h3 Be7 7. Bd3 O-O 8. O-O d6
9. Qe2 Nbd7 10. e4 Qc7 11. Bh2 cxd4 12. cxd4 e5 13. Nc3 Rac8 14. Rac1 Qb8 15.
Ba6 Bxa6 16. Qxa6 Rfe8 17. b4 Bf8 18. Qd3 Qb7 19. Nd2 d5 20. dxe5 Nxe4 21. Ndxe4
dxe4 22. Qd4 Nxe5 23. Nxe4 Rcd8 24. Qe3 Nd3 25. Rc4 Qd5 26. Nf6+ gxf6 27. Qg3+
Kh8 28. Rg4 Bd6 29. Qh4 Bxh2+ 30. Kxh2 Qd6+ 31. g3 Rg8 32. Re4 Ne5 33. Qf4 Rg6
34. Kg2 Qd5 35. Kh2 Nd3 36. Qe3 Ne5 37. Rc1 Qd2 0-1

[Event "FIDE Women's World Teams"]
[Site "Mardin TUR"]
[Date "2011.12.22"]
[Round "5"]
[Board "12"]
[White "Padmini, Rout"]
[Black "Hoang, Thi Nhu Y"]
[Result "1-0"]
[WhiteTitle "WGM"]
[BlackTitle "WIM"]
[WhiteElo "2392"]
[BlackElo "2218"]
[WhiteTeam "India"]
[BlackTeam "Vietnam"]
[WhiteFideId "5029295"]
[BlackFideId "12401455"]
[EventDate "2011.12.18"]

1. e4 c6 2. d4 d5 3. e5 c5 4. Nf3 Nc6 5. dxc5 e6 6. Be3 Nge7 7. c3 Nf5 8. Bd4
Nfxd4 9. cxd4 b6 10. Qa4 Bd7 11. Bb5 Qc7 12. O-O bxc5 13. dxc5 Bxc5 14. Nbd2 Qb6
15. Rac1 Rc8 16. Nb3 Nb8 17. Nfd4 a6 18. Bxd7+ Nxd7 19. Rc3 Rc7 20. Rfc1 O-O 21.
Nxc5 Nxc5 22. Qc2 Rfc8 23. Nb3 d4 24. Rxc5 Rxc5 25. Nxc5 g6 26. Qc4 Qxb2 27. Qf1
Qxa2 28. Ne4 Rxc1 29. Qxc1 Kg7 30. h4 d3 31. Qc3 Qc2 32. f3 Kh6 33. Qd2+ Qxd2
34. Nxd2 Kh5 35. g3 g5 36. hxg5 Kxg5 37. Kf2 f5 38. exf6 Kxf6 39. Nc4 h5 40. Ke3
Kg5 41. Kxd3 h4 42. gxh4+ Kxh4 43. Ke4 Kg3 44. f4 Kg4 45. Na5 Kh5 46. Nb7 Kg6
47. Nc5 1-0

[Event "FIDE Women's World Teams"]
[Site "Mardin TUR"]
[Date "2011.12.22"]
[Round "5"]
[Board "16"]
[White "Tan, Zhongyi"]
[Black "Gunina, Valentina"]
[Result "1-0"]
[WhiteTitle "WGM"]
[BlackTitle "IM"]
[WhiteElo "2448"]
[BlackElo "2514"]
[WhiteTeam "China"]
[BlackTeam "Russia"]
[WhiteFideId "8603642"]
[BlackFideId "4167570"]
[EventDate "2011.12.18"]

1. d4 d5 2. c4 c6 3. Nf3 Nf6 4. Nc3 dxc4 5. a4 Bf5 6. Ne5 Nbd7 7. Nxc4 Nb6 8.
Ne5 a5 9. e3 g6 10. Bd3 Bxd3 11. Nxd3 Bg7 12. O-O O-O 13. Qb3 Qc7 14. e4 Nc8 15.
e5 Nd7 16. e6 Qb6 17. Qa2 Nf6 18. exf7+ Kh8 19. Nc5 Nd6 20. Bf4 Nxf7 21. Ne6 Rg8
22. Rae1 Qb4 23. Nc5 e5 24. Bd2 Nd6 25. Nb5 Qxd2 26. Nxd6 h6 27. dxe5 Ng4 28.
Qc4 Nxe5 29. Qe6 Raf8 30. Nce4 Qd5 31. Qe7 Rd8 32. Rd1 Rd7 33. Qh4 Qe6 34. Nc5
Qe7 35. Qxe7 Rxe7 36. Ndxb7 Rb8 37. Rd8+ Rxd8 38. Nxd8 Ng4 39. h3 Nxf2 40. Rxf2
Bd4 41. Nde6 Bxf2+ 42. Kxf2 Rf7+ 43. Ke2 Rf5 44. Nd3 Rd5 45. Ke3 Kg8 46. Ke4 Rd6
47. Nd4 Kg7 48. Nb3 Rd5 49. Ne5 Rd1 50. Nxa5 Rd2 51. Nac4 Rxg2 52. a5 Rg1 53. a6
Ra1 54. Na3 Kf6 55. Ng4+ 1-0

[Event "FIDE Women's World Teams"]
[Site "Mardin TUR"]
[Date "2011.12.22"]
[Round "5"]
[Board "18"]
[White "Muzychuk, Mariya"]
[Black "Solomons, Anzel"]
[Result "1-0"]
[WhiteTitle "IM"]
[BlackTitle "WIM"]
[WhiteElo "2460"]
[BlackElo "1926"]
[WhiteTeam "Ukraine"]
[BlackTeam "South Africa"]
[WhiteFideId "14114550"]
[BlackFideId "14300800"]
[EventDate "2011.12.18"]

1. d4 d5 2. c4 c6 3. Nc3 Nf6 4. Nf3 dxc4 5. a4 e6 6. e3 c5 7. Bxc4 Nc6 8. O-O
Be7 9. Qe2 cxd4 10. exd4 O-O 11. Rd1 Nb4 12. a5 a6 13. Bg5 Bd7 14. Ne5 Re8 15.
Bxf6 Bxf6 16. Ne4 Bc6 17. Nxf6+ Qxf6 18. Ra3 Rad8 19. Rg3 g6 20. Qd2 Qe7 21. Rh3
f6 22. Ng4 Nd5 23. Rg3 Kh8 24. h4 e5 25. h5 g5 26. Nh6 Rf8 27. Nf5 Qd7 28. Ne3
Nf4 29. d5 Bb5 30. Bxb5 Qxb5 31. Rg4 Nxh5 32. Rb4 Qd7 33. Rb6 Nf4 34. g3 Ng6 35.
Qb4 Rb8 36. d6 Rfc8 37. Qe4 Rc6 38. Rxc6 bxc6 39. Qd3 Rb5 40. Qf5 Qxf5 41. Nxf5
Rb8 42. d7 Rd8 43. Rd6 Kg8 44. Rxc6 Rxd7 45. Rxa6 Kf7 46. Rb6 Nf8 47. a6 Rd1+
48. Kg2 Ra1 49. Nd6+ Ke7 50. a7 Nd7 51. Nc8+ Kd8 52. Rc6 f5 53. Rc3 1-0

[Event "FIDE Women's World Teams"]
[Site "Mardin TUR"]
[Date "2011.12.22"]
[Round "5"]
[Board "19"]
[White "Frick, Denise"]
[Black "Gaponenko, Inna"]
[Result "0-1"]
[WhiteTitle "WIM"]
[BlackTitle "IM"]
[WhiteElo "1916"]
[BlackElo "2435"]
[WhiteTeam "South Africa"]
[BlackTeam "Ukraine"]
[WhiteFideId "14300818"]
[BlackFideId "14101181"]
[EventDate "2011.12.18"]

1. e4 c5 2. Nf3 Nc6 3. d4 cxd4 4. Nxd4 g6 5. Nc3 Bg7 6. Be3 Nf6 7. Bc4 O-O 8.
Bb3 d6 9. f3 Nxd4 10. Bxd4 Be6 11. Qd2 Rc8 12. g4 Qa5 13. g5 Nh5 14. Bxg7 Nxg7
15. Nd5 Qxd2+ 16. Kxd2 Bxd5 17. Bxd5 e6 18. Bxb7 Rb8 19. Ba6 Rxb2 20. Bc4 Rb4
21. Kc3 Rfb8 22. Rhd1 a5 23. a3 R4b6 24. a4 Rc6 25. Kd3 Nh5 26. Bb3 Nf4+ 27. Ke3
e5 28. h4 Kf8 29. Rd2 Ke7 30. Rad1 h6 31. Rh1 Rh8 32. Rhh2 hxg5 33. Rdf2 gxh4
34. Kd2 g5 35. Rh1 Rhc8 36. Rfh2 Ne6 37. Rg2 Nd4 38. Rgg1 Nxf3+ 39. Ke2 Nxg1+
40. Rxg1 f6 41. Kf3 Rc3+ 42. Kf2 h3 0-1

[Event "FIDE Women's World Teams"]
[Site "Mardin TUR"]
[Date "2011.12.22"]
[Round "5"]
[Board "20"]
[White "Vasilevich, Tatjana"]
[Black "Van Niekerk, Lauren"]
[Result "1-0"]
[WhiteTitle "IM"]
[BlackTitle "WFM"]
[WhiteElo "2412"]
[BlackElo "1607"]
[WhiteTeam "Ukraine"]
[BlackTeam "South Africa"]
[WhiteFideId "14101610"]
[BlackFideId "14305003"]
[EventDate "2011.12.18"]

1. e4 c5 2. Nf3 e6 3. d4 cxd4 4. Nxd4 a6 5. Bd3 Qc7 6. Qe2 Bc5 7. Nb3 Be7 8. O-O
d6 9. c4 Nf6 10. Nc3 O-O 11. Be3 b6 12. Rfc1 Nbd7 13. f3 Bb7 14. Qf2 Rfc8 15.
Bf1 Bc6 16. Nd4 Bb7 17. Rab1 Rab8 18. b4 Qd8 19. Nb3 Bc6 20. a3 Ra8 21. Rd1 Rab8
22. Rbc1 Qf8 23. Kh1 b5 24. cxb5 Bxb5 25. Nxb5 axb5 26. Nd4 d5 27. Nc6 Ra8 28.
exd5 Nxd5 29. Bxb5 Bf6 30. a4 Kh8 31. a5 Nxb4 32. Nxb4 Rxc1 33. Rxc1 Qxb4 34.
Bxd7 Qxa5 35. g3 h6 36. Qd2 Qh5 37. Kg2 Rb8 38. Rc8+ Rxc8 39. Bxc8 Qe5 40. Bb7
Kg8 41. Be4 Qb2 42. Qxb2 Bxb2 43. Kf2 Kf8 44. Bc5+ Kg8 45. Ke3 Be5 46. Bc2 Bf6
47. Ke4 Bc3 48. Bf2 Bb2 49. Kd3 Be5 50. Kc4 Kf8 51. Kc5 Ke7 52. Bd4 Bxd4+ 53.
Kxd4 Kd6 54. Ba4 Ke7 55. Kc5 f6 56. Bb5 g5 57. Ba4 f5 58. Bb5 h5 59. Ba4 Kf6 60.
Kd6 e5 61. Kd5 g4 62. f4 exf4 63. gxf4 h4 64. Bc6 Kf7 65. Ke5 Kg6 66. Bb7 g3 67.
h3 Kf7 68. Kxf5 1-0

[Event "FIDE Women's World Teams"]
[Site "Mardin TUR"]
[Date "2011.12.24"]
[Round "6"]
[Board "2"]
[White "Khotenashvili, Bela"]
[Black "Muzychuk, Mariya"]
[Result "1-0"]
[WhiteTitle "IM"]
[BlackTitle "IM"]
[WhiteElo "2497"]
[BlackElo "2460"]
[WhiteTeam "Georgia"]
[BlackTeam "Ukraine"]
[WhiteFideId "13602640"]
[BlackFideId "14114550"]
[EventDate "2011.12.18"]

1. d4 f5 2. Nc3 d5 3. Bg5 g6 4. e3 Nh6 5. Bxh6 Bxh6 6. f4 e6 7. Nf3 Nd7 8. Bd3
Bg7 9. Ne2 c5 10. c3 b6 11. h3 a5 12. g4 c4 13. Bc2 b5 14. Rg1 Bf6 15. Kd2 Bb7
16. h4 Be7 17. gxf5 exf5 18. h5 Ra6 19. Rg2 Qb6 20. Qh1 Qf6 21. Ne5 Nxe5 22.
fxe5 Qf8 23. Rf1 Bc8 24. Nf4 Qg8 25. Rh2 gxh5 26. Qxd5 Qxd5 27. Nxd5 Rg6 28.
Bxf5 Bxf5 29. Rxf5 h4 30. Nxe7 Kxe7 31. Rh5 h6 32. R5xh4 Rhg8 33. Rxh6 Rxh6 34.
Rxh6 Rg2+ 35. Kd1 Rxb2 36. d5 b4 37. Rh7+ Ke8 38. d6 bxc3 39. Kc1 Rd2 40. a4 Kd8
41. Re7 Re2 42. Ra7 Rxe3 43. Rxa5 Re2 44. Rc5 Kd7 45. Rc7+ Kd8 46. Re7 Ra2 47.
e6 Rd2 48. Rd7+ Kc8 49. Rc7+ Kb8 50. Rh7 1-0

[Event "FIDE Women's World Teams"]
[Site "Mardin TUR"]
[Date "2011.12.24"]
[Round "6"]
[Board "7"]
[White "Zhao, Xue"]
[Black "Fakhiridou, Ekaterini"]
[Result "1-0"]
[WhiteTitle "GM"]
[BlackTitle "WIM"]
[WhiteElo "2541"]
[BlackElo "2180"]
[WhiteTeam "China"]
[BlackTeam "Greece"]
[WhiteFideId "8601283"]
[BlackFideId "4202848"]
[EventDate "2011.12.18"]

1. d4 g6 2. c4 Bg7 3. e4 d6 4. Nc3 Nc6 5. Be3 e5 6. d5 Nd4 7. Nge2 Nxe2 8. Bxe2
f5 9. exf5 gxf5 10. Bh5+ Kf8 11. f4 e4 12. c5 Nf6 13. O-O Bd7 14. Rc1 Be8 15.
Be2 Bf7 16. cxd6 cxd6 17. Qb3 Qe7 18. Rfd1 a6 19. Na4 Kg8 20. Bb6 Ne8 21. Qh3
Qd7 22. Rc4 Rc8 23. Rxc8 Qxc8 24. Nc3 Nf6 25. Rd4 Nd7 26. Rc4 Qf8 27. Bf2 Be8
28. Rc8 h5 29. a4 Qf7 30. a5 Nf8 31. Bb6 Ng6 32. Bxh5 Qe7 33. Qxf5 1-0

[Event "FIDE Women's World Teams"]
[Site "Mardin TUR"]
[Date "2011.12.24"]
[Round "6"]
[Board "11"]
[White "Tania, Sachdev"]
[Black "Gunina, Valentina"]
[Result "0-1"]
[WhiteTitle "IM"]
[BlackTitle "IM"]
[WhiteElo "2428"]
[BlackElo "2514"]
[WhiteTeam "India"]
[BlackTeam "Russia"]
[WhiteFideId "5007844"]
[BlackFideId "4167570"]
[EventDate "2011.12.18"]

1. d4 d5 2. c4 c6 3. Nf3 Nf6 4. Nc3 dxc4 5. a4 Bf5 6. Ne5 Nbd7 7. Nxc4 Nb6 8.
Ne5 a5 9. e3 h6 10. f3 e6 11. e4 Bh7 12. Be2 Bb4 13. O-O O-O 14. Be3 Qe7 15. Qc1
Nfd7 16. Nd3 Bd6 17. f4 Bb4 18. Bf3 Nf6 19. Nc5 Nc4 20. Na2 Nxe3 21. Qxe3 Bxc5
22. dxc5 Rfd8 23. Rfd1 Rxd1+ 24. Rxd1 Rd8 25. Rxd8+ Qxd8 26. Nc3 Nd7 27. Qd4 e5
28. fxe5 Qe8 29. Qd6 Nxe5 30. Qc7 g5 31. Qxb7 Qd8 32. Qb6 Qd4+ 33. Kf1 Nd3 34.
Nd1 Bxe4 35. Qb8+ Kg7 36. Qd6 Qxa4 37. Nc3 Qa1+ 38. Bd1 Bd5 39. Qg3 Bc4 40. Qe3
Nxb2+ 41. Kg1 Nxd1 42. Qd4+ Kg8 43. Qd8+ Kh7 44. Nxd1 Be2 0-1

[Event "FIDE Women's World Teams"]
[Site "Mardin TUR"]
[Date "2011.12.24"]
[Round "6"]
[Board "12"]
[White "Pogonina, Natalija"]
[Black "Soumya, Swaminathan"]
[Result "1-0"]
[WhiteTitle "WGM"]
[BlackTitle "WGM"]
[WhiteElo "2451"]
[BlackElo "2302"]
[WhiteTeam "Russia"]
[BlackTeam "India"]
[WhiteFideId "4147855"]
[BlackFideId "5016193"]
[EventDate "2011.12.18"]

1. e4 c6 2. d4 d5 3. e5 Bf5 4. Nf3 e6 5. Be2 c5 6. Be3 cxd4 7. Nxd4 Ne7 8. Nd2
Nbc6 9. N2f3 Be4 10. O-O a6 11. c4 dxc4 12. Bxc4 Bxf3 13. Nxf3 Qxd1 14. Raxd1
Ng6 15. Bb6 Ngxe5 16. Nxe5 Nxe5 17. Bb3 Be7 18. f4 Nc6 19. f5 e5 20. Rd5 Rc8 21.
Ba4 O-O 22. Rd7 Bf6 23. Rxb7 Nd4 24. Ra7 e4 25. Rd7 Rc4 26. Bd1 Nb5 27. Bb3 Rc6
28. Be3 Bxb2 29. Rfd1 Ba3 30. Kf2 h6 31. g4 Nc3 32. R1d2 Nb5 33. Rd1 Nc3 34.
R1d2 Nb1 35. Rc2 Nc3 36. Bd4 Rfc8 37. Bxf7+ Kf8 38. Kg2 Be7 39. Be6 Nd1 40. Rxc6
Rxc6 41. Bxg7+ Kxg7 42. Rxe7+ Kf6 43. Rd7 Rc2+ 44. Kg3 Nc3 45. Bb3 Rb2 46. Rc7
Ne2+ 47. Kf2 Nd4+ 48. Ke3 Nxb3 49. axb3 Rxb3+ 50. Kf4 Rf3+ 51. Kxe4 Rh3 52. Rc6+
Kf7 53. Ke5 Re3+ 54. Kf4 Rh3 55. g5 hxg5+ 56. Kxg5 Rxh2 57. Rc7+ Kg8 58. Ra7 Ra2
59. Kg6 Rg2+ 60. Kf6 Ra2 61. Ra8+ Kh7 62. Kf7 a5 63. f6 Rb2 64. Kf8 a4 65. f7 a3
66. Ke7 Re2+ 67. Kd6 1-0